[Event "Challenge"]
[Site "http://www.queenalice.com/game.php?id=1343291"]
[Date "2015.2.22"]
[Round "-"]
[White "kuborn"]
[Black "fflores"]
[Result "0-1"]
[WhiteElo "1310"]
[BlackElo "1708"]

1. e4 e5 2. Nf3 d6 3. d4 exd4 4. Nxd4 Nf6 5. Bg5 h6 6. Bxf6 Qxf6 7. Nc3 a6 8.
Bc4 c5 9. Nf3 Be6 10. Bd5 Nc6 11. Bxc6+ bxc6 12. O-O Be7 13. Re1 O-O 14. a4 Rfd8
15. a5 Bg4 16. Ra4 Bxf3 17. gxf3 Rab8 18. b3 Qxc3 19. Re3 Qe5 20. Qd3 Rb4 21. f4
Qxf4 22. Qxa6 Rxa4 23. bxa4 Qg4+ 24. Rg3 Qxe4 25. Re3 Qg4+ 26. Rg3 Qxa4 27. c4
d5 28. cxd5 Rxd5 29. Qc8+ Bd8 30. a6 Qe4 31. a7 Rd1# 0-1

[Event "X-E-1-1-R8-J3"]
[Site "http://www.queenalice.com/game.php?id=1344184"]
[Date "2015.2.26"]
[Round "-"]
[White "Newcobos"]
[Black "fflores"]
[Result "1-0"]
[WhiteElo "2191"]
[BlackElo "1710"]

1. e4 e5 2. Nf3 d6 3. d4 exd4 4. Nxd4 Nf6 5. Nc3 c5 6. Nf3 a6 7. Bg5 h6 8. Bh4
g5 9. Bg3 Nh5 10. Bc4 Be6 11. Bd5 Bxd5 12. Qxd5 Nc6 13. O-O-O Nxg3 14. hxg3 Bg7
15. Qxd6 Qxd6 16. Rxd6 O-O 17. Na4 Rfd8 18. Rxd8+ Nxd8 19. Nxc5 b5 20. Rd1 Rc8
21. Nxa6 Ne6 22. c3 Ra8 23. Nb4 Nc5 24. Nd2 Rd8 25. f3 Be5 26. g4 Bc7 27. Nb3
Bf4+ 28. Kc2 Rxd1 29. Kxd1 Na4 30. Kc2 Be5 31. Nd5 Kg7 32. Nd4 Nc5 33. Nxb5 f6
34. b4 Ne6 35. a4 1-0

[Event "Challenge"]
[Site "http://www.queenalice.com/game.php?id=1346125"]
[Date "2015.3.7"]
[Round "-"]
[White "fflores"]
[Black "glaubergouveia"]
[Result "1-0"]
[WhiteElo "1708"]
[BlackElo "1315"]

1. e4 e5 2. Nf3 Nc6 3. Bc4 Qf6 4. d3 h6 5. O-O d6 6. h3 Qg6 7. Nh4 Qf6 8. Nc3
Bd7 9. Nb5 O-O-O 10. Nf3 a6 11. Nc3 Be7 12. Nd5 Qg6 13. Nxe7+ Ncxe7 14. Nh4 Qf6
15. Nf3 g5 16. Nh2 h5 17. a4 g4 18. hxg4 hxg4 19. Nxg4 Qh4 20. f3 Ng6 21. Qe1
Qh7 22. Bg5 Rf8 23. Kf2 Nf4 24. Rh1 Qg7 25. Rxh8 Qxh8 26. Bxf4 exf4 27. c3 Bxg4
28. fxg4 Qh4+ 29. Kf3 Qf6 30. Qd2 Nh6 31. Qxf4 Qh4 32. Be6+ Kb8 33. Bf5 f6 34.
g3 Qh2 35. Qc1 Nxf5 36. exf5 Re8 37. Qd1 Qxb2 38. c4 Qd4 39. Kg2 c5 40. Rb1 d5
41. Qb3 Re7 42. cxd5 Qxg4 43. Qb2 Rg7 44. Qf2 Qxa4 45. Rb6 Qb3 46. Rxb3 1-0

[Event "Challenge"]
[Site "http://www.queenalice.com/game.php?id=1353751"]
[Date "2015.4.15"]
[Round "-"]
[White "tucuman"]
[Black "fflores"]
[Result "0-1"]
[WhiteElo "1669"]
[BlackElo "1708"]

1. e4 e5 2. Bc4 Nf6 3. d3 Bc5 4. h3 d5 5. exd5 Nxd5 6. Nf3 f6 7. a3 a6 8. O-O b5
9. Ba2 Nc6 10. Re1 Be6 11. Bxd5 Bxd5 12. Nc3 Nd4 13. Nxd4 Bxd4 14. Bd2 Bxc3 15.
Bxc3 O-O 16. Bb4 Re8 17. b3 Qd7 18. Bd2 Qc6 19. f3 h6 20. Kh1 g5 21. b4 f5 22.
Rg1 f4 23. c3 Qg6 24. a4 Qxd3 25. axb5 axb5 26. Rxa8 Rxa8 27. Qe1 Re8 28. Kh2 e4
29. fxe4 Rxe4 30. Qd1 Re2 0-1

[Event "X-E-1-1-R17-J3"]
[Site "http://www.queenalice.com/game.php?id=1353942"]
[Date "2015.4.16"]
[Round "-"]
[White "fflores"]
[Black "Newcobos"]
[Result "1/2-1/2"]
[WhiteElo "1751"]
[BlackElo "2257"]

1. e4 e5 2. Nf3 Nc6 3. d4 exd4 4. Nxd4 Bc5 5. Nxc6 Qf6 6. f3 Qxc6 7. Qd5 Ne7 8.
Qxc6 Nxc6 9. Nc3 Bb4 10. Bd2 O-O 11. O-O-O Bxc3 12. Bxc3 d6 13. b4 Be6 14. a3
Ne5 15. Be2 Nc4 16. Bxc4 Bxc4 17. Rd4 Bb5 18. Bb2 f5 19. Rd5 Bc6 20. Rxf5 Rxf5
21. exf5 Rf8 22. Re1 Rxf5 23. Re7 Rf7 24. Rxf7 Kxf7 25. Kd2 g5 26. Ke3 Ke6 27.
c4 a6 28. g4 b5 29. c5 dxc5 30. bxc5 Bd5 31. f4 gxf4+ 32. Kxf4 a5 33. Bc3 a4 34.
Bb4 Kf6 35. h4 c6 36. h5 Bg2 37. Bc3+ Kf7 38. Kg5 Bf3 39. Kf5 Be2 40. h6 Bd3+
41. Kg5 Ke6 42. Kf4 Be2 43. g5 Bd3 44. Kg4 Bg6 45. Kf4 Bc2 46. Bb4 Bg6 1/2-1/2

[Event "Challenge"]
[Site "http://www.queenalice.com/game.php?id=1357640"]
[Date "2015.5.5"]
[Round "-"]
[White "Magogue"]
[Black "fflores"]
[Result "0-1"]
[WhiteElo "1305"]
[BlackElo "1722"]

1. e4 e5 2. f4 exf4 3. Bc4 Nf6 4. Nc3 a6 5. a4 Nc6 6. d4 g5 7. Nf3 h6 8. h4 Bg7
9. hxg5 Ng4 10. Bxf4 h5 11. Qd2 Na5 12. Ba2 d6 13. O-O-O Bd7 14. Rde1 O-O 15.
Rxh5 b5 0-1

[Event "Challenge"]
[Site "http://www.queenalice.com/game.php?id=1357641"]
[Date "2015.5.5"]
[Round "-"]
[White "fflores"]
[Black "Magogue"]
[Result "1-0"]
[WhiteElo "1724"]
[BlackElo "1303"]

1. e4 e5 2. Nf3 d6 3. d4 exd4 4. Nxd4 Nf6 5. f3 Bd7 6. Nc3 Be7 7. Nd5 O-O 8.
Nxe7+ Qxe7 9. Bd3 Nc6 10. Nxc6 Bxc6 11. O-O h6 12. c3 1-0

[Event "Challenge"]
[Site "http://www.queenalice.com/game.php?id=1359287"]
[Date "2015.5.13"]
[Round "-"]
[White "fflores"]
[Black "Jard1987"]
[Result "1-0"]
[WhiteElo "1743"]
[BlackElo "1190"]

1. e4 e5 2. Nf3 Nc6 3. Bb5 f6 4. Bxc6 dxc6 5. O-O Bc5 6. h3 Ne7 7. d3 Be6 8. a3
O-O 9. b4 Bd4 10. Nxd4 exd4 11. c4 b6 12. Nd2 b5 13. c5 a5 14. Bb2 a4 15. Nf3
Bb3 16. Qe2 Re8 17. Nxd4 Bf7 18. f4 g5 19. fxg5 fxg5 20. Nf5 Nxf5 21. Rxf5 h6
22. Rf6 Re6 23. Rxe6 Bxe6 24. d4 Qd7 25. Rf1 Rf8 26. Rxf8+ Kxf8 27. Qf2+ Qf7 28.
Qxf7+ Kxf7 29. g4 Kg6 30. Kh2 Bb3 31. Kg3 Bc4 32. h4 gxh4+ 33. Kxh4 Be6 34. e5
Bf7 35. Bc1 Bg8 36. Kg3 Bd5 37. Bf4 Be6 38. Kf3 Bd5+ 39. Ke3 Be6 40. Kf3 Bd5+
41. Ke3 Be6 42. Ke4 Bxg4 43. d5 cxd5+ 44. Kxd5 h5 45. Kc6 h4 46. Kxc7 h3 47. Kd6
Kf5 48. Bh2 Kg6 49. c6 Kf7 50. Kc5 1-0

[Event "OS INCLIVEIS"]
[Site "http://www.queenalice.com/game.php?id=1383571"]
[Date "2015.9.16"]
[Round "-"]
[White "adelio"]
[Black "fflores"]
[Result "1/2-1/2"]
[WhiteElo "1654"]
[BlackElo "1747"]

1. d4 d5 2. e4 dxe4 3. Nc3 f5 4. Bg5 Nf6 5. Be2 g6 6. Nh3 Nc6 7. Be3 Nd5 8. Nxd5
Qxd5 9. Nf4 Qf7 10. c4 Bg7 11. Nd5 e6 12. Nf4 e5 13. Nh3 exd4 14. Ng5 Qf6 15.
Bf4 d3 16. Bxd3 exd3 17. Qxd3 Qe7+ 18. Qe3 Qxe3+ 19. fxe3 Bxb2 20. Rb1 Bc3+ 21.
Kf2 Be5 22. Rhe1 O-O 23. Rb5 Bxf4 24. exf4 a6 25. Rb2 h6 26. Nf3 Bd7 27. Rxb7
Rfc8 28. Rb2 Re8 29. Ne5 Nxe5 30. fxe5 Be6 31. c5 Rab8 32. Rd2 Rb5 33. Rc1 c6
34. h3 Reb8 35. Rcc2 g5 36. Rd6 Rb2 37. Rxb2 Rxb2+ 38. Kg1 Bd5 39. Rxh6 Rxg2+
40. Kf1 Kg7 41. Rd6 f4 42. Rd7+ Kf8 43. a4 Ra2 44. Rc7 Rxa4 45. e6 Ke8 46. Rg7
Bxe6 47. Rxg5 Bxh3+ 48. Kf2 Rc4 49. Kf3 a5 50. Rh5 Bd7 51. Rh8+ Ke7 52. Rh7+ Kd8
53. Rh8+ Kc7 54. Ra8 Rxc5 55. Kxf4 Rb5 56. Rh8 a4 57. Rh1 a3 58. Ra1 Ra5 59. Ke3
a2 60. Kd3 Be6 61. Kc3 c5 62. Kb2 Kc6 63. Kc2 Kb5 64. Kb2 Kb4 65. Kc2 Bb3+ 66.
Kb2 c4 67. Rh1 c3+ 68. Ka1 Ka3 69. Rh2 Kb4 70. Rh4+ Bc4 71. Rxc4+ Ka3 72. Ra4+
Rxa4 1/2-1/2

[Event "OS INCLIVEIS"]
[Site "http://www.queenalice.com/game.php?id=1383572"]
[Date "2015.9.16"]
[Round "-"]
[White "fflores"]
[Black "adelio"]
[Result "1-0"]
[WhiteElo "1737"]
[BlackElo "1629"]

1. e4 a6 2. Nf3 c5 3. d4 e6 4. d5 d6 5. c4 e5 6. h3 Be7 7. Bd3 h5 8. O-O h4 9.
b3 g5 10. Qd2 Rh5 11. a3 Nh6 12. b4 g4 13. hxg4 Bxg4 14. Nh2 Bg5 15. Qe1 Bf4 16.
Bxf4 exf4 17. Nxg4 Nxg4 18. Be2 Rg5 19. Nd2 h3 20. Bxg4 hxg2 21. Kxg2 Rxg4+ 22.
Kf3 Rg5 23. Rg1 Nd7 24. Rxg5 Qxg5 25. Ke2 Qh5+ 26. Nf3 Ne5 27. Qh1 Qxh1 28. Rxh1
Ke7 29. Nxe5 dxe5 30. Rh6 cxb4 31. axb4 a5 32. bxa5 Rxa5 33. Rb6 Ra2+ 34. Kf3
Ra7 35. Kg4 Kd7 36. c5 Kc7 37. Kf5 Ra5 38. d6+ Kb8 39. c6 Ra7 40. Rxb7+ Rxb7 41.
cxb7 Kxb7 42. Kxe5 Kc6 43. f3 Kd7 44. Kd5 f6 45. e5 fxe5 46. Kxe5 Kd8 47. Kxf4
Kd7 48. Ke5 Kd8 49. Ke6 Ke8 50. d7+ Kd8 51. f4 Kc7 52. Ke7 Kc6 53. d8=Q Kc5 54.
f5 Kc4 55. f6 Kc3 56. f7 Kb2 57. f8=Q Ka1 58. Qb6 Ka2 59. Qa8# 1-0

[Event "X-E-1-1-R13-j1"]
[Site "http://www.queenalice.com/game.php?id=1387646"]
[Date "2015.10.6"]
[Round "-"]
[White "fflores"]
[Black "marreta7"]
[Result "1-0"]
[WhiteElo "1745"]
[BlackElo "1503"]

1. e4 e5 2. Nf3 Nc6 3. Bb5 Nge7 4. Bxc6 Nxc6 5. O-O Bc5 6. d3 h6 7. Nc3 a6 8. a3
d6 9. b4 Ba7 10. g3 g5 11. h4 gxh4 12. Nxh4 Be6 13. Nf5 Bxf5 14. exf5 Ne7 15. g4
f6 16. Ne4 Ng8 17. Be3 Bxe3 18. fxe3 b6 19. c4 Qd7 20. Qf3 O-O-O 21. Nxf6 Nxf6
22. e4 h5 23. g5 Ng8 24. g6 Nf6 25. a4 h4 26. Kf2 Qg7 27. a5 Kb7 28. axb6 cxb6
29. Ke2 Qh6 30. Rh1 Qh5 31. Qxh5 Rxh5 32. Rh3 b5 33. cxb5 axb5 34. Rg1 d5 35. g7
dxe4 36. dxe4 Ra8 37. Rg6 Rg8 38. Rxf6 Rxg7 39. Re6 Rc7 40. Rxe5 Kb6 41. Kf3
Rc3+ 42. Kg4 Rxh3 43. Kxh3 Rh8 44. Re6+ Kc7 45. f6 Rd8 46. Kxh4 Rd4 47. f7 Rxb4
48. f8=Q Rd4 49. Qc5+ Kb7 50. Qxb5+ Kc7 51. Qc6+ Kb8 52. Qb6+ Kc8 53. Re8+ Kd7
54. Qd8+ Kc6 55. Qxd4 Kc7 56. Re6 Kb7 57. Qd7+ Kb8 58. Re8# 1-0

[Event "Challenge"]
[Site "http://www.queenalice.com/game.php?id=1389182"]
[Date "2015.10.14"]
[Round "-"]
[White "fflores"]
[Black "carpio1969"]
[Result "1-0"]
[WhiteElo "1749"]
[BlackElo "1585"]

1. e4 d6 2. d4 Nc6 3. d5 Nb4 4. a3 Na6 5. b4 Nf6 6. Nc3 Bd7 7. Nf3 c6 8. dxc6
Bxc6 9. e5 Ne4 10. Nxe4 Bxe4 11. Bb5+ Bc6 12. Bxc6+ bxc6 13. exd6 exd6 14. Qe2+
Be7 15. Qxa6 Qc7 16. O-O O-O 17. Bf4 Rfd8 18. Bg5 f6 19. Be3 Rab8 20. Qxa7 Qxa7
21. Bxa7 Rb5 22. c4 Rb7 23. Be3 d5 24. cxd5 cxd5 25. Nd4 Bd6 26. h4 Re8 27. b5
Re4 28. Nf5 Be5 29. Rab1 h5 30. Rfd1 Rd7 31. Rxd5 Rxd5 32. Ne7+ Kh7 33. Nxd5
Rxh4 34. g3 Rg4 35. Kh2 h4 36. Rg1 Ra4 37. f4 Bd6 38. gxh4 Ra5 39. a4 Rxa4 40.
b6 Ra5 41. Rd1 Kh6 42. Kg3 Ra3 43. Kg4 Ra4 44. Rd4 Ra8 45. f5+ Kh7 46. Nxf6+
gxf6 47. Rxd6 Rg8+ 48. Bg5 fxg5 49. hxg5 Rg7 50. Rc6 1-0

[Event "Challenge"]
[Site "http://www.queenalice.com/game.php?id=1397241"]
[Date "2015.12.4"]
[Round "-"]
[White "carpio1969"]
[Black "fflores"]
[Result "1-0"]
[WhiteElo "1572"]
[BlackElo "1765"]

1. e4 e5 2. Nf3 f6 3. d4 d6 4. Nc3 a6 5. Bc4 c6 6. d5 c5 7. Be3 g6 8. Qe2 Bd7 9.
O-O b5 10. Bd3 c4 11. Bxc4 bxc4 12. Qxc4 Bh6 13. Bxh6 Nxh6 14. Nd2 O-O 15. f3
Qb6+ 16. Rf2 Rc8 17. Qb3 Qxb3 18. Nxb3 a5 19. a4 Na6 20. Nxa5 1-0

[Event "Oportunidade"]
[Site "http://www.queenalice.com/game.php?id=1419799"]
[Date "2016.4.25"]
[Round "-"]
[White "joao37"]
[Black "fflores"]
[Result "0-1"]
[WhiteElo "1425"]
[BlackElo "1743"]

1. e4 e5 2. Nf3 Nc6 3. b3 Nf6 4. Nc3 d6 5. Nd5 Nxd5 6. exd5 Nb4 7. Bb5+ Bd7 8.
Bxd7+ Qxd7 9. c4 Nd3+ 10. Ke2 Nf4+ 11. Kf1 Qf5 12. Ne1 g6 13. d3 Be7 14. a4 O-O
15. g4 Qd7 16. b4 g5 17. d4 exd4 18. Nd3 Nxd3 19. Qxd3 Qxg4 20. h3 Qh4 21. Qg3
Qxg3 22. fxg3 Bf6 23. a5 a6 24. h4 g4 25. Bh6 Rfe8 26. Rh2 Re4 27. Rf2 Be5 28.
Bf4 Bg7 29. h5 h6 30. Re1 Rxe1+ 31. Kxe1 Re8+ 32. Kd2 Kh7 33. c5 dxc5 34. bxc5
Re7 35. d6 cxd6 36. cxd6 Rd7 37. Re2 Bf6 38. Kd3 Kg7 39. Re4 Bg5 40. Be5+ f6 41.
Bf4 Bxf4 42. Rxf4 Rxd6 43. Rxg4+ Kh7 44. Rg6 b6 45. axb6 Rxb6 46. Kxd4 Re6 47.
g4 a5 48. Kd5 Re5+ 49. Kd6 Rg5 50. Ke6 Rxg6 51. hxg6+ Kxg6 52. Kd6 Kg5 53. Ke6
a4 54. Kf7 a3 55. Kg7 a2 56. Kh7 a1=Q 57. Kg7 f5+ 58. Kh7 Qa7+ 59. Kh8 Kf6 60.
gxf5 Qg7# 0-1

[Event "Let's Play Chess!"]
[Site "http://www.queenalice.com/game.php?id=1433427"]
[Date "2016.7.27"]
[Round "-"]
[White "Bategoll"]
[Black "fflores"]
[Result "1-0"]
[WhiteElo "1905"]
[BlackElo "1746"]

1. d4 d5 2. Nf3 e6 3. Nc3 Nf6 4. e3 Bb4 5. Bd2 Ne4 6. Nxe4 Bxd2+ 7. Nexd2 O-O 8.
Bd3 Nc6 9. a3 a6 10. O-O b5 11. c3 1-0

[Event "Let's Play Chess!"]
[Site "http://www.queenalice.com/game.php?id=1433429"]
[Date "2016.7.27"]
[Round "-"]
[White "fflores"]
[Black "Bategoll"]
[Result "0-1"]
[WhiteElo "1736"]
[BlackElo "1915"]

1. e4 e5 2. Nf3 d6 3. d3 Nc6 4. c3 Nf6 5. Qb3 Be7 6. Be2 O-O 7. O-O a6 8. d4
exd4 9. Nxd4 Nxd4 10. cxd4 b5 0-1